00554nam a22001577a 450000500170000001000150001702000270003203500140005903700090007308200140008210000240009624501010012026000410022127001140026230000200037620251008124544.0 aENG-146964 c2000.00a9788171889303 aEN-130496 bDBAD a338.40954 aRaghavan, Srinivasa aOn the Turnpike:cSrinivasa-raghavanbIndian Economy Since 1947 & Indian Economic Service At 50/ aNew DelhibAcademic Foundationc2012 a4772-73/23 Bharat Ram Road, (23 Ansari Road), Darya GanjbNew Delhie110002k+91-11-23245001l+91-11-23245005 a101p.c26cm(hb)